Organização celular - Statistics

Estatísticas Gerais
  • Esse quiz foi jogado 162 vezes
  • A pontuação média é 4 de 8
Estatísticas das Respostas
Hint Resposta % Correto
Contém o material genetico(DNA), que acontecem todas as reações celulares Núcleo
77%
Película que envolve e protege a célula Membrana Plasmática
71%
Produção de energia Mitocôndria
65%
Gera novas proteínas Ribossomos
59%
É a porção gelatinosa que é envolvida pela membrana plasmática, e encontramos nele organelas celulares, que tem funções específicas dentro da célula Citoplasma
54%
Digestão celular Lisossomos
47%
Causa a secreção de substâncias dentro e fora da célula Complexo de Golgi
44%
Transporta proteínas Rético Endoplasmático
2%
Nenhum quiz correspondente encontrado
Distribuição das Pontuações
Porcentagem de Pessoas com Cada Pontuação
Percentil de Números Respondidos
Sua Pontuação Histórica
Você não jogou esse quiz